000 00601nam a2200217 a 4500
999 _c5528
_d5528
001 5528
003 BD-JhCC
005 20171217191822.0
008 171217b1966 bg |||| ||a| 000 0 ben d
035 _a(BD-JhCC)5528
040 _aBD-JhCC
_dBD-JhCC
041 _aben
082 _a297.14
_bJAL 1966
100 _aজলীল, আবদুল
245 _aহযরত আলী (রাঃ) /
_cআবদুল জলীল
260 _aঢাকা :
_bপাক কিতাব ঘর,
_c1966.
300 _a248 p. :
_c21 cm.
650 _aMuslim Legend
942 _2ddc
_cBK